| 000 | 00485nam a22001577a 4500 | ||
|---|---|---|---|
| 003 | macl | ||
| 005 | 20190917120745.0 | ||
| 008 | 190917b xxu||||| |||| 00| 0 eng d | ||
| 040 | _cmacl | ||
| 082 | _a333 | ||
| 100 |
_aवशिष्ठ ,डाॅ आशीष _976668 |
||
| 245 | _aपर्यावरणनामा | ||
| 260 |
_aदिल्ली _bकल्पना प्रकाशन _c2018 |
||
| 650 |
_aपर्यावरण _936465 |
||
| 942 |
_2ddc _cHIN |
||
| 999 |
_c61015 _d61015 |
||